Column flotation (Record no. 79471)

MARC details
000 -LEADER
fixed length control field 00663nam a2200169 a 4500
008 - FIXED-LENGTH DATA ELEMENTS--GENERAL INFORMATION
fixed length control field 120416s1990 ||||||||||||||||| || u
020 ## - INTERNATIONAL STANDARD BOOK NUMBER
International Standard Book Number 0080401864
050 ## - LIBRARY OF CONGRESS CALL NUMBER
Classification number TN 523 Fin
100 ## - MAIN ENTRY--PERSONAL NAME
Personal name Finch, Jim A
245 10 - TITLE STATEMENT
Title Column flotation
260 ## - PUBLICATION, DISTRIBUTION, ETC.
Place of publication, distribution, etc. Ontario:
Name of publisher, distributor, etc. Pergamon
Date of publication, distribution, etc. 1990
300 ## - PHYSICAL DESCRIPTION
Extent xvii, 180p. : ill.
350 ## -
-- 0.00
650 ## - SUBJECT ADDED ENTRY--TOPICAL TERM
Topical term or geographic name entry element FLOTATION
995 ## -
-- MAIN LIBRARY OPEN ACCESS
-- 0.00
-- 728623
-- CBU-MAIN LIBRARY (Kitwe)
-- 2
-- 0.00
-- TN 523 Fin
-- AVAILABLE
-- 019130
-- Main Library Open Access Collection
995 ## -
-- MAIN LIBRARY OPEN ACCESS
-- 0.00
-- 728624
-- CBU-MAIN LIBRARY (Kitwe)
-- 1
-- 0.00
-- TN 523 Fin
-- AVAILABLE
-- 019131
-- Main Library Open Access Collection
999 ## -
-- 79471
-- 79471
Holdings
Withdrawn status Lost status Source of classification or shelving scheme Damaged status Not for loan Permanent Location Current Location Shelving location Date acquired Total Checkouts Full call number Barcode Date last seen Copy number Price effective from Koha item type
          CBU-MAIN LIBRARY, KITWE. CBU-MAIN LIBRARY, KITWE.   06/29/2023   TN 523 Fin 019130 06/29/2023 1 06/29/2023 MONOGRAPH
          CBU-MAIN LIBRARY, KITWE. CBU-MAIN LIBRARY, KITWE.   06/29/2023   TN 523 Fin 019131 06/29/2023 2 06/29/2023 MONOGRAPH